000 02674aam a2200385 i 4500
001 193485
003 ES-MaACL
005 20240908063117.0
007 ta
008 240102s2023 sp g | 0|1 0 spa|c
017 _aDL M 11358-2023
_bOficina DL Madrid
020 _a9788446053293
_q(cartoné)
035 _a991060981092906706
040 _aES-BaUB
_bcat
_erda
_cES-BaUB
_dES-MaACL
100 1 _aSánchez Pérez, Francisco,
_d1963-
_9234787
_eaut
245 1 3 _aEl germinal español :
_blas elecciones que trajeron la Segunda República /
_cFrancisco Sánchez Pérez ; prólogo de Ángel Viñas
264 1 _aTres Cantos, Madrid :
_bAkal,
_c[2023]
300 _a496 páginas ;
_c23 cm
336 _atexto
_btxt
_2rdacontent
337 _asin mediación
_bn
_2rdamedia
338 _avólumen
_bnc
_2rdacarrier
490 1 _aAkal anverso
504 _aBibliografía (páginas 475-488). Indice
520 _a El 12 de abril de 1931 se celebraron unas elecciones municipales en España que cambiarían el curso de nuestra historia. No se trataba de un plebiscito sobre el régimen, tampoco de unas elecciones generales que decidiesen la suerte de un parlamento, ni de unas elecciones a Cortes Constituyentes. ¿Cómo fue posible que unas elecciones municipales abocaran al cambio de un régimen secular y aparentemente tan sólido como la monarquía borbónica? El Germinal español enmarca el contexto histórico en el que se celebraron dichos comicios y revisa cuál fue su resultado con todo detalle, claves para comprender la proclamación de la Segunda República. El autor relata cómo en las grandes urbes, y en muchas no tan grandes, un amplio movimiento liberal interclasista, liderado por las elites culturales del país, pedía democracia y cómo, tras aquellos comicios, la multitud invadió las calles, promoviendo una auténtica fiesta popular jamás presenciada en España. El régimen, roto e incapaz de gestionar la crisis, optó por pactar un final de trayecto. Era 14 de abril. Era 24 de Germinal.
651 4 _98283
_aEspaña-
_xHistoria-
_y1931-1939, II República
700 1 _aViñas, Ángel,
_d1941-
_9115369
_eaui
830 0 _aAkal anverso
_9234788
852 _aES-MaACL
_bR.154886
_cDEPOJ
_9200964
_jN-9660
_hDonación: Francisco Sánchez Pérez
_gDedicatoria autógrafa del autor
_xEncuadernación cartoné con sobrecubiertas
903 _9234787
_aSánchez Pérez, Francisco,
_d1963-
_ednr
942 _n0
_cMONOGRAFIA
999 _c193485
_d193485